Managing software reuse : a comprehensive guide to strategically reengineering the organization for reusable components

Αποθηκεύτηκε σε:
Λεπτομέρειες βιβλιογραφικής εγγραφής
Κύριος συγγραφέας: Lim, Wayne C.
Μορφή: Βιβλίο
Γλώσσα:English
Δημοσίευση: Upper Saddle River, N.J. : Prentice Hall, c1998
Θέματα:
Ετικέτες: Προσθήκη ετικέτας
Δεν υπάρχουν, Καταχωρήστε ετικέτα πρώτοι!

MARC

LEADER 00000nam a2200000 i 4500
001 1/95969
008 000203s1998 eng d
020 |a 0135523737 
035 |l 10055541 
040 |a GR-MY-UA  |b gre  |e aacr 
041 0 |a eng 
082 0 |a 005.1 
100 1 |a Lim, Wayne C. 
245 1 0 |a Managing software reuse :  |b a comprehensive guide to strategically reengineering the organization for reusable components /  |c Wayne C. Lim 
260 |a Upper Saddle River, N.J. :   |b Prentice Hall,   |c c1998 
300 |a xxiv, 552 p.;  |b ill.;  |c 25 cm. 
504 |a Includes bibliographical references and index 
650 0 0 |a Computer software  |x Reusability. 
852 |a INST  |b SAMOS  |e 20000203  |h 005.1 LIM  |p 005300016381  |q 005300016381  |t BK  |y 0 
901 |a BIBL3-2000-1 
909 |a Σ  |b 070934 
922 |a 3ΕΛΗ  |b 199911  |c ΤΠΕΣ  |d ΠΑΠΑΣΩΤΗΡΙΟΥ 
950 |a 133-1999-07-20 
970 |a ΓΕΝΟΥΖΟΥ  |b ΧΡΥΣΑΝΘΗ  |z 2000/02/03